000 00456nam a2200193Ia 4500
005 20240823025525.0
008 240823s9999||||xx |||||||||||||| ||und||
020 _a81-309-0640-6
041 _aENGLISH
082 _A823 P7
100 _aHarold Bloom
245 0 _aFyodor Dostoevskys Crime and Punishment
250 _a1st
260 _c2007
_b"Viva Books,New Delhi"
500 _aYES
650 _aNovel
_bEnglish
942 _cBK
999 _c186523
_d186523